Các giá trị truyền thống và con người Việt Nam hiện nay /

সংরক্ষণ করুন:
গ্রন্থ-পঞ্জীর বিবরন
অন্যান্য লেখক: Phan Huy Lê (chủ biên.), Vũ Minh Giang (chủ biên.)
বিন্যাস: Sách giấy
ভাষা:Vietnamese
প্রকাশিত: Tp. Hồ Chí Minh : Đại học Quốc gia, 2020.
বিষয়গুলি:
ট্যাগগুলো: ট্যাগ যুক্ত করুন
কোনো ট্যাগ নেই, প্রথমজন হিসাবে ট্যাগ করুন!
Thư viện lưu trữ: Thư viện Trường Đại học Đà Lạt
LEADER 01001nam a2200325 4500
001 DLU210196420
005 ##20210521
020 # # |a 9786047370542 
040 # # |a DLU  |b vie 
041 # # |a vie 
044 # # |a vn 
082 # # |a 959.7  |b Cac 
245 # # |a Các giá trị truyền thống và con người Việt Nam hiện nay /  |c Phan Huy Lê, Vũ Minh Giang đồng chủ biên. 
260 # # |a Tp. Hồ Chí Minh :  |b Đại học Quốc gia,  |c 2020. 
300 # # |a 551 tr. :  |b bảng;  |c 24 cm. 
650 # # |a Bản sắc dân tộc Việt Nam. 
650 # # |a Người Việt Nam  |x Đời sống xã hội và tập quán. 
700 # # |a Phan Huy Lê,  |e chủ biên. 
700 # # |a Vũ Minh Giang,  |e chủ biên. 
923 # # |a 03/2020 
991 # # |a SH 
992 # # |a 250000 
994 # # |a DLU 
900 # # |a True 
911 # # |a Nguyễn Thanh Hương 
925 # # |a G 
926 # # |a A 
927 # # |a SH 
980 # # |a Thư viện Trường Đại học Đà Lạt